000 00561nam a22001817a 4500
005 20251108164259.0
008 250721s1997 xx 000 0 ara d
082 1 4 _a330.1/عفا
100 1 _aسعيد، عفاف عبد الجبار
245 1 0 _aمقدمة في التحليل الإقتصادي الجزئي /
264 1 _aعمان :
_bدار وائل للطباعة و النشر،
_c1997.
300 _a330ص
650 1 7 _aالإقتصاد
650 1 7 _aالنظريات
700 1 _aحسين، مجيد علي
942 _2ddc
_cBK
999 _c8254
_d8254